| 000 | 01272nam0a22002531 4500 | ||
|---|---|---|---|
| 001 | rc\3335532 | ||
| 005 | 20130115151615.9 | ||
| 035 | _a(NLR Aleph) 007427923 | ||
| 090 |
_a6984659 _c6984659 |
||
| 100 | _a20130115d1971 |||y0rusy50 ca | ||
| 101 | 0 | _arus | |
| 102 | _aRU | ||
| 105 | _ay z ||||| | ||
| 200 | 1 |
_aОпыт Липецкой области в деле внедрения промышленных методов в животноводстве _eТезисы доклада |
|
| 210 |
_aМосква _cБ. и. _d1971 |
||
| 215 |
_a[1], 21 с. _d20 |
||
| 225 | 1 | _aМинистерство сельского хозяйства РСФСР. Всероссийское объединение "Россельхозтехника". Первая Всероссийская научно-производственная конференция по вопросам улучшения использования машинно-тракторного парка в колхозах и совхозах. Материалы... | |
| 333 | _aДля служебного пользования. Экз. № 000747 | ||
| 700 | 1 |
_aТеляков _bА. В. |
|
| 801 | 0 |
_aRU _bNLR _gpsbo |
|
| 801 | 1 |
_aRU _bELAR _2rusmarc |
|
| 852 |
_aNLR _j71-50к/3097 |
||
| 942 | _cBOOK | ||
| 980 | _aNB | ||